000
00269nam a2200109Ia 4500
008
190216s9999||||xx |||||||||||||| ||und||
100
_a
Dr.Kamal V Imol
245
0
_a
Hindi-Khayavod Ke Soundarya Sasthreeya Adyayan
260
_b
Rajkamal
650
_a
Hindi
942
_c
BK
999
_c
15244
_d
15244